01014nam a2200241 a 450000100100000000500170001000800410002704000250006808200150009310000350010824500870014326000350023030000280026549000150029350000380030859000270034670000410037371000900041483000190050495201130052395201190063699900170075500002212820250307114820.0100917s1988 dr 000 0 spa d aDO-SdBNPbspacBNPHU axxxbG216e1 aGarcía Michel, Eduardo9928110aEconomía en tensión /cEduardo García Michel ; presentación Bernardo Vega. aSanto Domingo :bCEMYB,c1988. a317 p. :bil. ;c21 cm.1 aEstudios ; aIncluye notas al pie de páginas aInventariado, 2019/ YL12aVega, Bernardo,d1938 -epres.932222 aCentro de Estudios Monetarios y Bancarios (Santo Domingo, República Dominica)96023 0aEstudios93854 0010718PDaPDbPDcCTd2010-09-17iLF1l0oxxx G216ep22128-10r2020-06-25w2020-06-25yLFPDZNo se presta 0010718PDaPDbPDcCTd2019-07-19iLF1l0oxxx G216ep22128-20r2020-06-25te. 2w2020-06-25yLFPDZNo se presta c21626d21626